| 000 | 00544nam a22001811c 4500 | ||
|---|---|---|---|
| 001 | a75344 | ||
| 008 | 060406s2003 gw |||| 000u rus d | ||
| 020 |
_a5728105556 _95-7281-0555-6 |
||
| 041 | _arus | ||
| 100 | 1 | _aTelicyn, Vadim L. | |
| 245 | 0 | 0 |
_a"Bessmyslennyj i bespoščadnyj" ?.. : _bfenomen krest'janskogo buntarstva 1917 - 1921 godov / _cV. L. Telicyn |
| 250 | _a2. Aufl. | ||
| 264 |
_aMoskva : _bRossijskij Gosudarstvennyj Gumanitarnyj Univ., _c2003 |
||
| 300 | _a335 S. | ||
| 942 | _cMG | ||
| 040 | _cRU-10907106 | ||
| 003 | RU-10907106 | ||
| 999 |
_c3293 _d3293 |
||